[Event "Mindsports Open 5th"]
[Site "London"]
[Date "2025.08.14"]
[Round "3.44"]
[White "Ganguly, Aryaman"]
[Black "Mesropyan, Hayk"]
[Result "0-1"]
[WhiteElo "1824"]
[BlackElo "1972"]
[PlyCount "102"]
[EventDate "2025.08.13"]
[EventType "swiss"]
[EventRounds "9"]
[EventCountry "ENG"]
[SourceTitle "BritBase"]
[Source "John Saunders"]
[SourceDate "2025.08.18"]
[SourceVersion "1"]
[SourceVersionDate "2025.08.18"]
[SourceQuality "1"]

1. e4 e5 2. Nf3 Nc6 3. Bc4 Bc5 4. c3 Nf6 5. d3 d6 6. Nbd2 O-O 7. Bb3 d5 8. Qe2 Re8 9. Nf1 h6 10. Ng3 a5 11. a4 Be6 12. Bc2 d4 13. h3 Qd6 14. O-O Rab8 15. Nh4 Qd7 16. Nhf5 Ne7 17. Nxe7+ Qxe7 18. c4 Nh7 19. b3 Qh4 20. Qh5 Qxh5 21. Nxh5 f5 22. Ng3 f4 23. Ne2 Rf8 24. f3 b6 25. Bd2 Bd6 26. Rab1 Bb4 27. Bxb4 axb4 28. Ra1 Ra8 29. Kh2 Kf7 30. g3 fxg3+ 31. Kxg3 g5 32. h4 Nf6 33. hxg5 hxg5 34. Rh1 Rh8 35. Rxh8 Rxh8 36. Kg2 c6 37. Ng3 Nd7 38. Ne2 Kg6 39. Nc1 g4 40. Bd1 Nf6 41. fxg4 Kg5 42. Bf3 Kf4 43. Ra2 Nxg4 44. Bxg4 Bxg4 45. Kf2 Rh2+ 46. Ke1 Rh1+ 47. Kd2 c5 48. Kc2 Rh2+ 49. Kb1 Rxa2 50. Nxa2 Ke3 51. Kc2 Be2 0-1

[Event "Mindsports Open 5th"]
[Site "London"]
[Date "2025.08.14"]
[Round "3.45"]
[White "White, Stuart A"]
[Black "Wang, Luoke"]
[Result "0-1"]
[WhiteElo "2095"]
[BlackElo "1944"]
[PlyCount "124"]
[EventDate "2025.08.13"]
[EventType "swiss"]
[EventRounds "9"]
[EventCountry "ENG"]
[SourceTitle "BritBase"]
[Source "John Saunders"]
[SourceDate "2025.08.18"]
[SourceVersion "1"]
[SourceVersionDate "2025.08.18"]
[SourceQuality "1"]

1. c4 Nf6 2. Nf3 g6 3. Nc3 Bg7 4. d4 O-O 5. e4 d6 6. Be2 e5 7. d5 a5 8. Bg5 h6 9. Bh4 Qe8 10. Nd2 Nh7 11. O-O Bd7 12. b3 g5 13. Bg3 f5 14. exf5 Bxf5 15. Nde4 Nf6 16. f3 Nbd7 17. Bd3 Qg6 18. Qc2 Nh5 19. Bf2 Nf4 20. Rae1 h5 21. Be3 Kh8 22. a3 Bh6 23. Kh1 Rf7 24. g3 Nxd3 25. Qxd3 Raf8 26. Qe2 Nf6 27. Nf2 g4 28. Bxh6 Qxh6 29. fxg4 hxg4 30. Qe3 Qh5 31. Nfd1 Nh7 32. Rf2 Ng5 33. b4 axb4 34. axb4 Nf3 35. Ree2 Qh3 36. Rg2 Rh7 37. c5 Rf6 38. cxd6 Rfh6 39. Qf2 cxd6 40. Ne3 Bd3 41. Ra2 Kg7 42. b5 Rf6 43. b6 Nh4 44. gxh4 Rxf2 45. Raxf2 Qxe3 46. Rxg4+ Bg6 47. Rfg2 Qxc3 48. Rxg6+ Kf7 49. Rxd6 Qe1+ 50. Rg1 Qe4+ 51. Rg2 Ke7 52. Rdg6 Rf7 53. h3 Qxh4 54. Kh2 Qf4+ 55. Kh1 Qf3 56. d6+ Kd7 57. Kh2 e4 58. Rc2 Qf4+ 59. Kg2 Qf1+ 60. Kh2 Rf2+ 61. Rxf2 Qxf2+ 62. Kh1 e3 0-1

[Event "Mindsports Open 5th"]
[Site "London"]
[Date "2025.08.14"]
[Round "3.46"]
[White "Avadhoot, Lokesh Bhakti Brahm"]
[Black "Zadvorny, Roman"]
[Result "0-1"]
[WhiteElo "2049"]
[BlackElo "1931"]
[PlyCount "74"]
[EventDate "2025.08.13"]
[EventType "swiss"]
[EventRounds "9"]
[EventCountry "ENG"]
[SourceTitle "BritBase"]
[Source "John Saunders"]
[SourceDate "2025.08.18"]
[SourceVersion "1"]
[SourceVersionDate "2025.08.18"]
[SourceQuality "1"]

1. d4 d5 2. Nc3 Nf6 3. Bf4 a6 4. e3 b5 5. a3 e6 6. g4 h6 7. h3 Bb7 8. Bg2 Nbd7 9. Nf3 c5 10. Ne2 Rc8 11. c3 Be7 12. Ne5 Qb6 13. O-O O-O 14. Bg3 Rfd8 15. f4 Ne4 16. Qe1 b4 17. axb4 cxb4 18. Bxe4 dxe4 19. Nxd7 Rxd7 20. f5 Bd5 21. Bf4 Bc4 22. fxe6 Bxe6 23. Ng3 Bc4 24. Nxe4 Qe6 25. Nd2 Bxf1 26. Qxf1 bxc3 27. bxc3 Rxc3 28. Qxa6 Rxe3 29. Qxe6 Rxe6 30. Ra4 Bf6 31. Nb3 Rb6 32. Nd2 Bxd4+ 33. Kg2 Bf6 34. Nf3 Rb2+ 35. Kg3 Rd3 36. Bc7 Rbb3 37. Rf4 Bg5 0-1

[Event "Mindsports Open 5th"]
[Site "London"]
[Date "2025.08.14"]
[Round "3.47"]
[White "Shidlagatta, Anirudh"]
[Black "Mittal, Aditya"]
[Result "1/2-1/2"]
[WhiteElo "2036"]
[BlackElo "1927"]
[PlyCount "79"]
[EventDate "2025.08.13"]
[EventType "swiss"]
[EventRounds "9"]
[EventCountry "ENG"]
[SourceTitle "BritBase"]
[Source "John Saunders"]
[SourceDate "2025.08.18"]
[SourceVersion "1"]
[SourceVersionDate "2025.08.18"]
[SourceQuality "1"]

1. Nf3 Nf6 2. g3 c5 3. Bg2 Nc6 4. d4 cxd4 5. Nxd4 e5 6. Nxc6 dxc6 7. Qxd8+ Kxd8 8. Bg5 Kc7 9. Nc3 Bf5 10. Bxf6 gxf6 11. Ne4 Be7 12. O-O-O Be6 13. Kb1 f5 14. Nd2 a5 15. Nf3 Bf6 16. Bh3 a4 17. a3 b5 18. c3 c5 19. e4 Bb3 20. Rd2 fxe4 21. Rd7+ Kc6 22. Nd2 Bd5 23. Re1 Rhd8 24. Rxd8 Rxd8 25. Bf5 h5 26. h4 Bg7 27. Nxe4 Bc4 28. Ng5 Rd2 29. f3 f6 30. Ne4 Bd3+ 31. Ka1 Bxe4 32. Bxe4+ Kb6 33. Rg1 Bh6 34. g4 hxg4 35. Rxg4 Rh2 36. Rg6 Bc1 37. Rxf6+ Ka7 38. h5 Rxh5 39. Rf7+ Ka6 40. Rh7 1/2-1/2

[Event "Mindsports Open 5th"]
[Site "London"]
[Date "2025.08.14"]
[Round "3.48"]
[White "Vashisht-Pigem, Raman"]
[Black "Aleksenko, Maksim"]
[Result "1-0"]
[WhiteElo "1981"]
[BlackElo "1893"]
[PlyCount "79"]
[EventDate "2025.08.13"]
[EventType "swiss"]
[EventRounds "9"]
[EventCountry "ENG"]
[SourceTitle "BritBase"]
[Source "John Saunders"]
[SourceDate "2025.08.18"]
[SourceVersion "1"]
[SourceVersionDate "2025.08.18"]
[SourceQuality "1"]

1. e4 c5 2. Nf3 Nc6 3. Bb5 g6 4. O-O Bg7 5. Re1 e6 6. Bxc6 bxc6 7. e5 Ne7 8. Nc3 Nd5 9. Ne4 O-O 10. Nxc5 Qb6 11. d4 f6 12. exf6 Bxf6 13. Bh6 Re8 14. Ne4 Be7 15. c4 Nf6 16. Qc2 d5 17. Nxf6+ Bxf6 18. c5 Qc7 19. Ne5 Rb8 20. Rad1 Ba6 21. Nxg6 hxg6 22. Qxg6+ Bg7 23. Rxe6 Rxe6 24. Qxe6+ Kh7 25. Bxg7 Kxg7 26. Qg4+ Kh7 27. Qh5+ Kg7 28. Qg5+ Kh7 29. Re1 Rb7 30. Re8 Qg7 31. Qh5+ Qh6 32. Rh8+ Kxh8 33. Qxh6+ Kg8 34. Qxc6 Rxb2 35. Qxd5+ Kh8 36. h4 Rb1+ 37. Kh2 Rb2 38. Qa8+ Kh7 39. Qxa7+ Bb7 40. c6 1-0

[Event "Mindsports Open 5th"]
[Site "London"]
[Date "2025.08.14"]
[Round "3.49"]
[White "Fil, Alkim Alper"]
[Black "Wastney, Dylan"]
[Result "1/2-1/2"]
[WhiteElo "1900"]
[BlackElo "1981"]
[PlyCount "150"]
[EventDate "2025.08.13"]
[EventType "swiss"]
[EventRounds "9"]
[EventCountry "ENG"]
[SourceTitle "BritBase"]
[Source "John Saunders"]
[SourceDate "2025.08.18"]
[SourceVersion "1"]
[SourceVersionDate "2025.08.18"]
[SourceQuality "1"]

1. d4 Nf6 2. c4 e6 3. Nf3 d5 4. g3 Be7 5. Bg2 O-O 6. O-O b6 7. cxd5 exd5 8. Nc3 Bb7 9. Re1 Nbd7 10. Bf4 c5 11. dxc5 Nxc5 12. Ne5 Ne6 13. Be3 Rc8 14. Nb5 a6 15. Nd4 Bd6 16. Nef3 Re8 17. Rc1 Ng4 18. Bd2 Nxd4 19. Nxd4 Qf6 20. Nf3 Rxc1 21. Qxc1 Rc8 22. Qb1 Bc5 23. Rf1 Re8 24. b4 Bd6 25. Qd3 Qe7 26. Qd4 Nf6 27. Qxb6 Ne4 28. a3 a5 29. Be3 axb4 30. axb4 Bc8 31. b5 Bd7 32. Nd4 Nc3 33. Qa5 Bb4 34. Qa1 Nxb5 35. Bxd5 Bc3 36. Qd1 Bh3 37. Nxb5 Bxf1 38. Nxc3 Bh3 39. Qb3 h6 40. Bc5 Qf6 41. e3 Rc8 42. Bd4 Qa6 43. Bxf7+ Kf8 44. Qd1 Kxf7 45. Qh5+ Kg8 46. Qxh3 Rf8 47. Qg4 Rf7 48. Qe2 Qa1+ 49. Qf1 Qa5 50. Ne2 Qd5 51. Nf4 Qf3 52. h4 g5 53. Qe2 Rxf4 54. Qxf3 Rxf3 55. hxg5 hxg5 56. g4 Rf7 57. Kg2 Kf8 58. Kg3 Rd7 59. Bf6 Rd5 60. f4 gxf4+ 61. exf4 Rd3+ 62. Kh4 Kf7 63. Be5 Rd8 64. g5 Kg6 65. Kg4 Rf8 66. Kf3 Kf5 67. Kg3 Rf7 68. Kf3 Rd7 69. Kg3 Rd5 70. Kf3 Rd3+ 71. Ke2 Rd5 72. Ke3 Rxe5+ 73. fxe5 Kxe5 74. g6 Kf6 75. g7 Kxg7 1/2-1/2

[Event "Mindsports Open 5th"]
[Site "London"]
[Date "2025.08.14"]
[Round "3.50"]
[White "Ding, Yiwen"]
[Black "Rice, Leah"]
[Result "1-0"]
[WhiteElo "1844"]
[BlackElo "1979"]
[PlyCount "113"]
[EventDate "2025.08.13"]
[EventType "swiss"]
[EventRounds "9"]
[EventCountry "ENG"]
[SourceTitle "BritBase"]
[Source "John Saunders"]
[SourceDate "2025.08.18"]
[SourceVersion "1"]
[SourceVersionDate "2025.08.18"]
[SourceQuality "1"]

1. d4 d5 2. c4 c6 3. Nc3 Nf6 4. e3 e6 5. Nf3 Nbd7 6. cxd5 exd5 7. Bd3 Bd6 8. Qc2 O-O 9. O-O Qc7 10. Bd2 Re8 11. a3 Nf8 12. h3 Bd7 13. Rfc1 Qc8 14. Bf1 Bf5 15. Qd1 Ng6 16. b4 a6 17. Qb3 Bb8 18. a4 Qc7 19. g3 Qd7 20. h4 Ne4 21. Bg2 Bh3 22. Nxe4 Bxg2 23. Nf6+ gxf6 24. Kxg2 h5 25. b5 axb5 26. axb5 Rxa1 27. Rxa1 Qe6 28. bxc6 bxc6 29. Qb7 Qc8 30. Qxc8 Rxc8 31. Bb4 Bc7 32. Ra6 Bd8 33. Ne1 Be7 34. Bxe7 Nxe7 35. Nd3 Rc7 36. Nf4 Kh7 37. Nxh5 Kg6 38. Nf4+ Kg7 39. Nd3 f5 40. Kf3 f6 41. Nc5 Kf7 42. Ra8 Ng6 43. h5 Ne7 44. Kf4 Rc8 45. Rxc8 Nxc8 46. Kxf5 Ne7+ 47. Kf4 Kg7 48. g4 Kh6 49. Ne6 Kh7 50. g5 fxg5+ 51. Kxg5 Nc8 52. Nd8 Nd6 53. Nxc6 Ne4+ 54. Kf5 Nxf2 55. Nb4 Kh6 56. Nxd5 Kxh5 57. Nf6+ 1-0

[Event "Mindsports Open 5th"]
[Site "London"]
[Date "2025.08.14"]
[Round "3.51"]
[White "Mokhber-Garcia, Sebastian"]
[Black "Ding, Yicheng"]
[Result "1-0"]
[WhiteElo "1962"]
[BlackElo "1793"]
[PlyCount "145"]
[EventDate "2025.08.13"]
[EventType "swiss"]
[EventRounds "9"]
[EventCountry "ENG"]
[SourceTitle "BritBase"]
[Source "John Saunders"]
[SourceDate "2025.08.18"]
[SourceVersion "1"]
[SourceVersionDate "2025.08.18"]
[SourceQuality "1"]

1. e4 c6 2. Nc3 d5 3. d4 dxe4 4. Nxe4 Nf6 5. Nxf6+ exf6 6. Nf3 Bd6 7. Bd3 O-O 8. O-O Re8 9. a4 a5 10. Bd2 Na6 11. c3 Nc7 12. Qc2 h6 13. Nh4 Nd5 14. Qd1 Bf4 15. Bf5 Bxf5 16. Nxf5 Qc7 17. Qg4 g6 18. Bxf4 Qxf4 19. Qxf4 Nxf4 20. Ne3 Nd3 21. Rfd1 Nf4 22. Kf1 h5 23. Ra3 Re7 24. g3 Nd5 25. Nxd5 cxd5 26. Re1 Rxe1+ 27. Kxe1 Re8+ 28. Kd2 Re6 29. Rb3 b6 30. Rb5 Rd6 31. b4 axb4 32. cxb4 Kf8 33. a5 bxa5 34. bxa5 Ke7 35. Kc3 Kd7 36. Rb7+ Kc8 37. Rxf7 Re6 38. Kb4 Re4 39. Kb5 Rxd4 40. Rxf6 Rd2 41. a6 d4 42. a7 Kb7 43. Rf7+ Ka8 44. Kc4 g5 45. Rf5 Kxa7 46. Rxg5 h4 47. Rf5 hxg3 48. hxg3 Kb7 49. g4 Kc6 50. Rf6+ Kd7 51. f4 Ke7 52. g5 d3 53. Kc3 Rd1 54. Rf5 Ke6 55. Re5+ Kf7 56. f5 Rg1 57. g6+ Kf6 58. Rd5 Re1 59. Kxd3 Re8 60. Kd4 Re1 61. Kc5 Rc1+ 62. Kd6 Re1 63. Kd7 Re7+ 64. Kd8 Re1 65. Rc5 Re2 66. Kd7 Re7+ 67. Kd6 Re1 68. Rc8 Rd1+ 69. Kc7 Kxf5 70. g7 Rc1+ 71. Kb7 Rb1+ 72. Ka6 Ra1+ 73. Kb5 1-0

[Event "Mindsports Open 5th"]
[Site "London"]
[Date "2025.08.15"]
[Round "4.1"]
[White "Urkedal, Frode Olav Olsen"]
[Black "Czopor, Maciej"]
[Result "1/2-1/2"]
[WhiteElo "2558"]
[BlackElo "2434"]
[PlyCount "103"]
[EventDate "2025.08.13"]
[EventType "swiss"]
[EventRounds "9"]
[EventCountry "ENG"]
[SourceTitle "BritBase"]
[Source "John Saunders"]
[SourceDate "2025.08.18"]
[SourceVersion "1"]
[SourceVersionDate "2025.08.18"]
[SourceQuality "1"]

1. c4 e6 2. Nc3 d5 3. d4 Nf6 4. cxd5 exd5 5. Bg5 Bb4 6. e3 h6 7. Bh4 g5 8. Bg3 Ne4 9. Nge2 h5 10. h4 Bg4 11. Qb3 Nxg3 12. Nxg3 Nc6 13. Bb5 Bxc3+ 14. Qxc3 Rh6 15. f3 Bd7 16. e4 gxh4 17. Qe3 Rg6 18. Bxc6 bxc6 19. Nxh5 Qg5 20. Qxg5 Rxg5 21. Rxh4 Rxg2 22. O-O-O O-O-O 23. Nf4 Rf2 24. exd5 cxd5 25. Nxd5 Be6 26. Nb4 Rxf3 27. Nc6 Re8 28. d5 Bd7 29. Nxa7+ Kb7 30. Nc6 Bxc6 31. Rb4+ Kc8 32. dxc6 Rf6 33. Kb1 Rxc6 34. Rf4 Re2 35. Rc1 Rb6 36. b3 f6 37. Rfc4 Re7 38. Rc5 Kb7 39. R1c2 Rd6 40. Kb2 c6 41. a4 Re5 42. Rxe5 fxe5 43. Kc3 Kb6 44. Re2 Rd5 45. Re4 Rc5+ 46. Rc4 Rd5 47. Rb4+ Kc7 48. Rh4 Kb6 49. b4 Rd1 50. Re4 c5 51. a5+ Kc6 52. Rxe5 1/2-1/2

[Event "Mindsports Open 5th"]
[Site "London"]
[Date "2025.08.15"]
[Round "4.2"]
[White "Vandenbussche, Thibaut"]
[Black "Clarke, Brandon G I"]
[Result "0-1"]
[WhiteElo "2402"]
[BlackElo "2491"]
[PlyCount "74"]
[EventDate "2025.08.13"]
[EventType "swiss"]
[EventRounds "9"]
[EventCountry "ENG"]
[SourceTitle "BritBase"]
[Source "John Saunders"]
[SourceDate "2025.08.18"]
[SourceVersion "1"]
[SourceVersionDate "2025.08.18"]
[SourceQuality "1"]

1. e4 c5 2. Nf3 d6 3. Bb5+ Bd7 4. Bxd7+ Qxd7 5. O-O g6 6. e5 Nc6 7. Re1 Bg7 8. exd6 Qxd6 9. Na3 Nh6 10. d4 Nxd4 11. c3 Ne6 12. Qb3 Qa6 13. Ng5 Nxg5 14. Bxg5 e6 15. Rad1 O-O 16. Rd7 Rab8 17. Qb5 Qxb5 18. Nxb5 Ng4 19. Be7 Nf6 20. Rc7 Rfc8 21. Rxc8+ Rxc8 22. Nxa7 Ra8 23. Bxc5 Nd5 24. c4 b6 25. cxd5 bxc5 26. dxe6 fxe6 27. Nc6 Rxa2 28. b3 Bc3 29. Rc1 Rb2 30. Nd8 Bd2 31. Rd1 Rxb3 32. Kf1 Rb2 33. Nxe6 c4 34. Nd4 c3 35. Ke2 Bf4+ 36. Kd3 Rxf2 37. Ne2 c2 0-1

[Event "Mindsports Open 5th"]
[Site "London"]
[Date "2025.08.15"]
[Round "4.3"]
[White "Beerdsen, Thomas"]
[Black "Badacsonyi, Stanley"]
[Result "1/2-1/2"]
[WhiteElo "2513"]
[BlackElo "2309"]
[PlyCount "70"]
[EventDate "2025.08.13"]
[EventType "swiss"]
[EventRounds "9"]
[EventCountry "ENG"]
[SourceTitle "BritBase"]
[Source "John Saunders"]
[SourceDate "2025.08.18"]
[SourceVersion "1"]
[SourceVersionDate "2025.08.18"]
[SourceQuality "1"]

1. c4 e6 2. Nc3 d5 3. d4 Nf6 4. cxd5 exd5 5. Bg5 c6 6. e3 Bd6 7. Bd3 h6 8. Bh4 O-O 9. Nf3 Be6 10. O-O Nbd7 11. Qc2 Re8 12. Rab1 a5 13. a3 Qb8 14. Bg3 Bxg3 15. hxg3 Qd6 16. Rfc1 Rec8 17. Ne2 g5 18. Qc3 b5 19. Ne5 b4 20. axb4 axb4 21. Qd2 Nxe5 22. dxe5 Qxe5 23. Qxb4 Nd7 24. Qd2 Qd6 25. b4 Ne5 26. Nd4 c5 27. bxc5 Rxc5 28. Rxc5 Qxc5 29. Bf5 Bxf5 30. Nxf5 Kh7 31. Qb2 Re8 32. Rc1 Rb8 33. Qxe5 Qxc1+ 34. Kh2 Qb2 35. Qxd5 Qf6 1/2-1/2

[Event "Mindsports Open 5th"]
[Site "London"]
[Date "2025.08.15"]
[Round "4.4"]
[White "Levin, Guy"]
[Black "Gombocz, Ferenc Jr"]
[Result "1-0"]
[WhiteElo "2464"]
[BlackElo "2315"]
[PlyCount "75"]
[EventDate "2025.08.13"]
[EventType "swiss"]
[EventRounds "9"]
[EventCountry "ENG"]
[SourceTitle "BritBase"]
[Source "John Saunders"]
[SourceDate "2025.08.18"]
[SourceVersion "1"]
[SourceVersionDate "2025.08.18"]
[SourceQuality "1"]

1. d4 d5 2. c4 e6 3. Nc3 Nf6 4. Bg5 Be7 5. e3 h6 6. Bxf6 Bxf6 7. Qb3 c6 8. Nf3 O-O 9. Rd1 Qa5 10. h4 g6 11. Bd3 Nd7 12. cxd5 exd5 13. O-O Bg7 14. e4 dxe4 15. Nxe4 Qd5 16. Qc2 Nb6 17. Nc3 Qh5 18. Rde1 Nd5 19. Nxd5 cxd5 20. Re7 Bf6 21. Re3 Bg4 22. Ne5 Rac8 23. Qb3 Bf5 24. Bxf5 Qxf5 25. Qxd5 Rcd8 26. Qc4 b5 27. Qc5 Bxh4 28. Qxa7 Qc2 29. Rf3 Ra8 30. Qb7 Rab8 31. Qc6 Rbc8 32. Qxb5 Qd2 33. Nxf7 Rc1 34. Rxc1 Qxc1+ 35. Kh2 Be7 36. Qd5 Kh7 37. Ne5 Rxf3 38. Qxf3 1-0

[Event "Mindsports Open 5th"]
[Site "London"]
[Date "2025.08.15"]
[Round "4.5"]
[White "Willow, Jonah B"]
[Black "San Emeterio Cabanes, Jose L"]
[Result "1/2-1/2"]
[WhiteElo "2459"]
[BlackElo "2303"]
[PlyCount "71"]
[EventDate "2025.08.13"]
[EventType "swiss"]
[EventRounds "9"]
[EventCountry "ENG"]
[SourceTitle "BritBase"]
[Source "John Saunders"]
[SourceDate "2025.08.18"]
[SourceVersion "1"]
[SourceVersionDate "2025.08.18"]
[SourceQuality "1"]

1. c4 Nf6 2. Nc3 Nc6 3. Nf3 e5 4. g3 Bb4 5. Bg2 O-O 6. O-O Re8 7. Nd5 e4 8. Nh4 Bc5 9. d3 exd3 10. Qxd3 Ne5 11. Qc2 c6 12. Nc3 Nxc4 13. Na4 Bf8 14. Qxc4 b5 15. Qc2 bxa4 16. e4 Qa5 17. Rd1 d5 18. Bd2 Bb4 19. Qxc6 Bg4 20. Bxb4 Qxb4 21. f3 Rac8 22. Qa6 dxe4 23. fxg4 Qc5+ 24. Kh1 Nxg4 25. Rf1 Nf2+ 26. Rxf2 Qxf2 27. Rf1 Qxb2 28. Qxa4 e3 29. Qxa7 e2 30. Qxf7+ Kh8 31. Re1 Qd2 32. Nf3 Qe3 33. Ng1 Qd2 34. Nf3 Qe3 35. Ng1 Qd2 36. Nf3 1/2-1/2

[Event "Mindsports Open 5th"]
[Site "London"]
[Date "2025.08.15"]
[Round "4.6"]
[White "Lohia, Sohum"]
[Black "Kovchan, Alexander"]
[Result "1/2-1/2"]
[WhiteElo "2387"]
[BlackElo "2450"]
[PlyCount "69"]
[EventDate "2025.08.13"]
[EventType "swiss"]
[EventRounds "9"]
[EventCountry "ENG"]
[SourceTitle "BritBase"]
[Source "John Saunders"]
[SourceDate "2025.08.18"]
[SourceVersion "1"]
[SourceVersionDate "2025.08.18"]
[SourceQuality "1"]

1. e4 e5 2. Nf3 Nf6 3. Nxe5 d6 4. Nf3 Nxe4 5. Bd3 Nf6 6. O-O Be7 7. Re1 O-O 8. Bf1 d5 9. d4 Bg4 10. h3 Bh5 11. c4 Bxf3 12. Qxf3 Nc6 13. Be3 Nb4 14. Qd1 dxc4 15. Bxc4 Nbd5 16. Bg5 h6 17. Bh4 Nb6 18. Bb3 Nfd5 19. Bxe7 Nxe7 20. Nc3 Nf5 21. Qf3 Nxd4 22. Qxb7 c5 23. Rad1 Qc8 24. Re7 Qxb7 25. Rxb7 Nxb3 26. axb3 Rfb8 27. Rc7 Rc8 28. Rxc8+ Rxc8 29. Ra1 Rc7 30. Nb5 Rd7 31. Rxa7 Rd1+ 32. Kh2 Rd2 33. Ra6 Nd5 34. Rd6 Kf8 35. Nc3 1/2-1/2

[Event "Mindsports Open 5th"]
[Site "London"]
[Date "2025.08.15"]
[Round "4.7"]
[White "Feuerstack, Aljoscha"]
[Black "Harper, Ryan"]
[Result "1-0"]
[WhiteElo "2449"]
[BlackElo "2131"]
[PlyCount "69"]
[EventDate "2025.08.13"]
[EventType "swiss"]
[EventRounds "9"]
[EventCountry "ENG"]
[SourceTitle "BritBase"]
[Source "John Saunders"]
[SourceDate "2025.08.18"]
[SourceVersion "1"]
[SourceVersionDate "2025.08.18"]
[SourceQuality "1"]

1. e4 e5 2. Nf3 Nc6 3. Bb5 a6 4. Ba4 Nf6 5. O-O b5 6. Bb3 Bc5 7. c3 d6 8. d4 Bb6 9. Be3 O-O 10. Nbd2 h6 11. h3 exd4 12. cxd4 Re8 13. Bc2 Nb4 14. Bb1 c5 15. d5 a5 16. a3 Na6 17. a4 Bd7 18. Bf4 Bc7 19. axb5 Bxb5 20. Re1 Nh5 21. Bh2 Qf6 22. e5 dxe5 23. Ne4 Qb6 24. d6 Bd8 25. Nxe5 Nf6 26. Qc2 g6 27. Ba2 c4 28. Bxc4 Bxc4 29. Qxc4 Qb7 30. d7 Re6 31. Nxf6+ Bxf6 32. Nxf7 Rxe1+ 33. Rxe1 Kg7 34. Ne5 Rf8 35. Qd3 1-0

[Event "Mindsports Open 5th"]
[Site "London"]
[Date "2025.08.15"]
[Round "4.8"]
[White "Carroll, Peter"]
[Black "Balaji, Aaravamudhan"]
[Result "0-1"]
[WhiteElo "2167"]
[BlackElo "2394"]
[PlyCount "62"]
[EventDate "2025.08.13"]
[EventType "swiss"]
[EventRounds "9"]
[EventCountry "ENG"]
[SourceTitle "BritBase"]
[Source "John Saunders"]
[SourceDate "2025.08.18"]
[SourceVersion "1"]
[SourceVersionDate "2025.08.18"]
[SourceQuality "1"]

1. e4 e5 2. Nf3 Nc6 3. Bb5 a6 4. Ba4 Nf6 5. O-O Be7 6. Re1 b5 7. Bb3 O-O 8. a4 Rb8 9. axb5 axb5 10. c3 d6 11. h3 b4 12. d4 bxc3 13. bxc3 exd4 14. cxd4 d5 15. e5 Ne4 16. Nbd2 Bf5 17. Re3 Nb4 18. Ba3 c5 19. Bxb4 Rxb4 20. Ra4 Rxa4 21. Bxa4 Nxd2 22. Qxd2 c4 23. Bc2 Be6 24. Qd1 Qb6 25. Nh2 Ra8 26. Ng4 Qb2 27. Bxh7+ Kxh7 28. Nf6+ Bxf6 29. Qh5+ Kg8 30. exf6 Qb1+ 31. Kh2 Qf5 0-1

[Event "Mindsports Open 5th"]
[Site "London"]
[Date "2025.08.15"]
[Round "4.9"]
[White "Gasanov, Eldar"]
[Black "Gurevich, Artem"]
[Result "1/2-1/2"]
[WhiteElo "2471"]
[BlackElo "2183"]
[PlyCount "37"]
[EventDate "2025.08.13"]
[EventType "swiss"]
[EventRounds "9"]
[EventCountry "ENG"]
[SourceTitle "BritBase"]
[Source "John Saunders"]
[SourceDate "2025.08.18"]
[SourceVersion "1"]
[SourceVersionDate "2025.08.18"]
[SourceQuality "1"]

1. e4 c6 2. d4 d5 3. e5 c5 4. Nf3 cxd4 5. Nxd4 Nc6 6. Nxc6 bxc6 7. Bd3 e6 8. O-O Ne7 9. Nd2 a5 10. c4 Ng6 11. Nf3 Be7 12. Qc2 O-O 13. Be3 Qe8 14. h4 f5 15. exf6 Rxf6 16. Ng5 h6 17. Nh7 Rf5 18. g4 Nxh4 19. gxf5 1/2-1/2

[Event "Mindsports Open 5th"]
[Site "London"]
[Date "2025.08.15"]
[Round "4.10"]
[White "Kovalskyi, Roman"]
[Black "Csonka, Balazs"]
[Result "0-1"]
[WhiteElo "2180"]
[BlackElo "2467"]
[PlyCount "82"]
[EventDate "2025.08.13"]
[EventType "swiss"]
[EventRounds "9"]
[EventCountry "ENG"]
[SourceTitle "BritBase"]
[Source "John Saunders"]
[SourceDate "2025.08.18"]
[SourceVersion "1"]
[SourceVersionDate "2025.08.18"]
[SourceQuality "1"]

1. e4 c5 2. Nf3 d6 3. d4 cxd4 4. Nxd4 Nf6 5. Nc3 a6 6. h3 Nc6 7. Be3 e5 8. Nb3 Be6 9. Nd5 Bxd5 10. exd5 Ne7 11. c4 g6 12. a4 Nf5 13. Bd2 Bg7 14. Bd3 e4 15. Be2 e3 16. Bxe3 Nxe3 17. fxe3 Ne4 18. O-O Bxb2 19. Bd3 Nf6 20. Rb1 Be5 21. Nd4 Rb8 22. c5 dxc5 23. Nf3 Bg3 24. e4 O-O 25. Nd2 Nd7 26. Qg4 Bc7 27. Nc4 Qe7 28. g3 b5 29. axb5 axb5 30. d6 Bxd6 31. Nxd6 Qxd6 32. Bxb5 Ne5 33. Qd1 Qc7 34. Be2 c4 35. Qc2 c3 36. Rfc1 Rxb1 37. Rxb1 Rd8 38. Rc1 Rd2 39. Qxd2 Qa7+ 40. Kf1 cxd2 41. Rc8+ Kg7 0-1

[Event "Mindsports Open 5th"]
[Site "London"]
[Date "2025.08.15"]
[Round "4.11"]
[White "Zheng, Harry Z"]
[Black "Hauge, Lars Oskar"]
[Result "0-1"]
[WhiteElo "2190"]
[BlackElo "2460"]
[PlyCount "88"]
[EventDate "2025.08.13"]
[EventType "swiss"]
[EventRounds "9"]
[EventCountry "ENG"]
[SourceTitle "BritBase"]
[Source "John Saunders"]
[SourceDate "2025.08.18"]
[SourceVersion "1"]
[SourceVersionDate "2025.08.18"]
[SourceQuality "1"]

1. e4 c5 2. Nf3 d6 3. d4 cxd4 4. Nxd4 Nf6 5. Nc3 a6 6. Qd3 Nbd7 7. Be2 g6 8. Bg5 Bg7 9. f4 Qc7 10. Bf3 h6 11. Bh4 e5 12. Nb3 exf4 13. Bxf6 Nxf6 14. O-O-O Be6 15. Qxd6 Qxd6 16. Rxd6 Nd7 17. Na4 Be5 18. Rd2 Rc8 19. Nd4 Bxd4 20. Rxd4 Bxa2 21. e5 Rc7 22. Rxf4 Be6 23. Re1 b5 24. Nc3 Rc5 25. Bg4 Ke7 26. Bxe6 fxe6 27. Rfe4 Rf8 28. Kd2 Rf5 29. Ra1 Rcxe5 30. Rxe5 Nxe5 31. Ne4 Nc4+ 32. Kc3 Re5 33. Ng3 a5 34. b3 Na3 35. Kb2 b4 36. c4 Re3 37. Rc1 Kd6 38. Rd1+ Kc6 39. Rd4 a4 40. bxa4 Kc5 41. Rf4 Nxc4+ 42. Kc1 b3 43. Ne4+ Kb4 44. Kd1 g5 0-1

[Event "Mindsports Open 5th"]
[Site "London"]
[Date "2025.08.15"]
[Round "4.12"]
[White "Tica, Sven"]
[Black "Roe, Simon J"]
[Result "1-0"]
[WhiteElo "2442"]
[BlackElo "2160"]
[PlyCount "97"]
[EventDate "2025.08.13"]
[EventType "swiss"]
[EventRounds "9"]
[EventCountry "ENG"]
[SourceTitle "BritBase"]
[Source "John Saunders"]
[SourceDate "2025.08.18"]
[SourceVersion "1"]
[SourceVersionDate "2025.08.18"]
[SourceQuality "1"]

1. d4 e6 2. g3 d5 3. Bg2 f5 4. Nf3 Nf6 5. c4 Bd6 6. O-O O-O 7. b3 b6 8. Ba3 Bb7 9. Qc1 Ne4 10. Bxd6 cxd6 11. cxd5 exd5 12. Nc3 Nd7 13. Qb2 Nxc3 14. Qxc3 Nf6 15. Rfc1 Ba6 16. e3 Rc8 17. Qb2 Qe7 18. Qa3 Bb5 19. Qb4 Bd7 20. a4 Rxc1+ 21. Rxc1 Rc8 22. Ra1 Ne4 23. Ne1 Be8 24. a5 b5 25. a6 Qc7 26. Nd3 Qc3 27. Qxc3 Rxc3 28. Nb4 Bf7 29. Bf1 Nd2 30. Be2 Nxb3 31. Rd1 Na5 32. Ra1 Nb3 33. Rd1 Na5 34. Bf3 Nc6 35. Nxd5 Bxd5 36. Bxd5+ Kf8 37. Rb1 b4 38. Bxc6 Rxc6 39. Rxb4 Rxa6 40. Rb7 h6 41. h4 g5 42. h5 Kg8 43. Kg2 f4 44. Kf3 fxe3 45. fxe3 d5 46. Rb5 Rd6 47. Rb8+ Kf7 48. Rb7+ Kf6 49. Rh7 1-0